Dossier de patrimoni cultural : dossier d'informació i documentació pels municipis dossier d'informació i documentació pels municipis
Descripción Física:
volums : il·lustracions, periodicitat mensual ; 30 cm
Materias:
Patrimoni cultural -- Catalunya -- Revistes
; Museus -- Barcelona (Província) -- Revistes
; Museus -- Revistes
; Revistes
Idioma:
Catalán
MARC
| LEADER | 00000nas a2200000 a 4500 | ||
|---|---|---|---|
| 003 | Arxiu | ||
| 005 | 20260324181506.0 | ||
| 008 | 160829d19912002spcmr px s cat c | ||
| 017 | |a DL B. 15676-1996 | ||
| 022 | |a 1138-0799 | ||
| 040 | |a AGDB | ||
| 080 | |a Revistes | ||
| 245 | 0 | 0 | |a Dossier de patrimoni cultural : |b dossier d'informació i documentació pels municipis |
| 246 | 1 | 3 | |a Dossier d'informació i documentació pels municipis |
| 260 | |a [Barcelona] : |b Servei de Cultura, Secció Tècnica de Museus, |c 1991-2002? | ||
| 300 | |a volums : |b il·lustracions, periodicitat mensual ; |c 30 cm | ||
| 310 | |a Mensual | ||
| 362 | |a Núm. 23 (gen. 1991)- | ||
| 500 | |a Periodicitat mensual | ||
| 500 | |a Continua la numeració. | ||
| 500 | |a Continuació de: Dossier de museus : dossier d'informació i documentació pels museus municipals | ||
| 500 | |a Suplement: Dossier de patrimoni cultural. Monogràfic. | ||
| 500 | |a El núm. 74 conté un índex temàtic des del núm. 1 fins el núm. 60, tnant del dossier com del monogràfic. | ||
| 500 | |a A partir del 1996 canvia les dimensions de la revista | ||
| 650 | |a Patrimoni cultural |x Catalunya |x Revistes |9 29364 | ||
| 650 | |a Museus |x Barcelona (Província) |x Revistes |9 29946 | ||
| 650 | |a Museus |x Revistes |9 29363 | ||
| 655 | 0 | |9 55823 |a Revistes | |
| 710 | 1 | |a Barcelona (Catalunya : Província). |b Secció Tècnica de Museus |9 55058 |e entitat editora | |
| 710 | 1 | |a Barcelona (Catalunya : Província). |b Servei de Cultura |9 54401 | |
| 770 | 0 | |t Dossier de patrimoni cultural : dossier d'informació i documentació pels municipis | |
| 780 | 0 | 0 | |t Dossier de museus : dossier d'informació i documentació pels museus municipals |
| 866 | |a 1991 (23, 24, 25, 26, 27, 28, 29, 30, 31, 32, 33) | ||
| 866 | |a 1992 (34, 35, 36, 37, 38, 39, 40, 41, 42, 43, 44) | ||
| 866 | |a 1993 (45, 46, 47, 48, 49, 50, 51, 52, 53, 54, 55) | ||
| 866 | |a 1994 (56, 57, 58, 59, 60, 61, 62, 63, 64, 65, 66) | ||
| 866 | |a 1995 (67, 68, 69, 70, 71, 72, 73, 74, 75, 76, 77) | ||
| 866 | |a 1996 (78, 79, 80, 81, 82, 83, 84, 85, 86, 87, 88) | ||
| 866 | |a 1997 (89, 90, 91, 92, 93, 94, 95, 96, 97, 98) | ||
| 866 | |a 1998 (99, 100, 101, 102, 103, 104, 105, 106, 107), | ||
| 866 | |a 1999 (108, 109) | ||
| 866 | |a 2000 (110, 111, 112, 113, 114, 115) | ||
| 866 | |a 2001 (116, 117, 118) | ||
| 866 | |a 2002 (119, 120) | ||
| 901 | |a Arxiu | ||
| 942 | |n 1 |2 udc |c REV | ||
| 952 | |0 0 |1 0 |4 0 |6 REV2171 |7 1 |9 45138 |a Arxiu |b Arxiu |d 2016-12-01 |h Núm. 34 (gener 1992)-Núm. 44 (desembre 1992) |o Rev-2171 |p 27993 |r 2016-12-01 00:00:00 |w 2016-12-01 |y ARXIU | ||
| 952 | |0 0 |1 0 |4 0 |6 REV2170 |7 1 |9 66441 |a Arxiu |b Arxiu |d 2023-06-01 |h Núm. 23 (gener 1991)-Núm. 33 (desembre 1991) |o Rev-2170 |p 27992 |r 2023-06-01 00:00:00 |w 2023-06-01 |y ARXIU | ||
| 952 | |0 0 |1 0 |4 0 |6 REV2172 |7 1 |9 66442 |a Arxiu |b Arxiu |d 2023-06-01 |h Núm. 45 (gener 1993)-Núm. 55 (desembre 1993) |l 0 |o Rev-2172 |p 27994 |r 2023-06-01 00:00:00 |w 2023-06-01 |y ARXIU | ||
| 952 | |0 0 |1 0 |4 0 |6 REV2173 |7 1 |9 66443 |a Arxiu |b Arxiu |d 2023-06-01 |h Núm. 56 (gener 1994)-Núm. 66 (desembre 1994) |l 0 |o Rev-2173 |p 27995 |r 2023-06-01 00:00:00 |w 2023-06-01 |y ARXIU | ||
| 952 | |0 0 |1 0 |4 0 |7 1 |9 66444 |a Arxiu |b Arxiu |d 2023-06-01 |h Núm. 67 (gener 1995)-Núm. 77 (desembre 1995) |o Rev-2174 |p 27996 |r 2023-06-01 00:00:00 |w 2023-06-01 |y ARXIU |z El volum 74 conté índex de la revista Núm. 1-60 | ||
| 952 | |0 0 |1 0 |4 0 |6 REV2175 |7 1 |9 66447 |a Arxiu |b Arxiu |d 2023-06-01 |h Núm. 78 (gener 1996)-Núm.120 (abril-juny 2002) |l 0 |o Rev-2175 |p 27997 |r 2023-06-01 00:00:00 |w 2023-06-01 |y ARXIU | ||
| 999 | |c 47863 |d 47863 | ||